000 00479nam a2200157 4500
999 _c5404
_d5404
008 161024b xxu||||| |||| 00| 0 eng d
022 _a9770118389007
082 _aDPer 641.05 F73 Mar-Nov 2012
100 _916672
_aUy, Amy A.
245 _aSecrets of restaurant kitchens revealed/
_cAmy A. Uy.
260 _aQuezon City:
_bABS CBN Publishing, Inc.,
_c©2012.
300 _apages 42-45;
_c30 cm.
500 _aFood.
650 0 _916673
_aRestaurants
942 _2ddc
_cPER